<?xml version="1.0" encoding="UTF-8"?>
<record
    xmlns:xsi="http://www.w3.org/2001/XMLSchema-instance"
    xsi:schemaLocation="http://www.loc.gov/MARC21/slim http://www.loc.gov/standards/marcxml/schema/MARC21slim.xsd"
    xmlns="http://www.loc.gov/MARC21/slim">

  <leader>06575namaa22004331i 4500</leader>
  <controlfield tag="003">EG-GICUC</controlfield>
  <controlfield tag="005">20260504162454.0</controlfield>
  <controlfield tag="008">260504s2025    ua a|||frm||| 000 0 eng d</controlfield>
  <datafield tag="040" ind1=" " ind2=" ">
    <subfield code="a">EG-GICUC</subfield>
    <subfield code="b">eng</subfield>
    <subfield code="c">EG-GICUC</subfield>
    <subfield code="d">EG-GICUC</subfield>
    <subfield code="e">rda</subfield>
  </datafield>
  <datafield tag="041" ind1="0" ind2=" ">
    <subfield code="a">eng</subfield>
    <subfield code="b">eng</subfield>
    <subfield code="b">ara</subfield>
  </datafield>
  <datafield tag="049" ind1=" " ind2=" ">
    <subfield code="a">Deposit</subfield>
  </datafield>
  <datafield tag="082" ind1="0" ind2="4">
    <subfield code="a">617.645 </subfield>
  </datafield>
  <datafield tag="092" ind1=" " ind2=" ">
    <subfield code="a">617.645 </subfield>
    <subfield code="2">21</subfield>
  </datafield>
  <datafield tag="097" ind1=" " ind2=" ">
    <subfield code="a">M.Sc</subfield>
  </datafield>
  <datafield tag="099" ind1=" " ind2=" ">
    <subfield code="a">Cai01.09.07.M.Sc.2025.Am.E</subfield>
  </datafield>
  <datafield tag="100" ind1="0" ind2=" ">
    <subfield code="a">Amany Hossam El Deen Ibrahim, </subfield>
    <subfield code="e">preparation.</subfield>
  </datafield>
  <datafield tag="245" ind1="1" ind2="0">
    <subfield code="a">Evaluation of bacterial count of a novel cinnamon extract irrigant versus sodium hypochl orite irrigant following pulpectomy of primary teeth : </subfield>
    <subfield code="b">a randomized clinical trial /</subfield>
    <subfield code="c">by  Amany Hossam El Deen Ibrahim ; Supervisors Prof. Dr. Nevine Waly, Dr. Yousra Mohamed. </subfield>
  </datafield>
  <datafield tag="246" ind1="1" ind2="5">
    <subfield code="a">&#x641;&#x627;&#x639;&#x644;&#x64A;&#x629; &#x645;&#x633;&#x62A;&#x62E;&#x644;&#x635; &#x627;&#x644;&#x642;&#x631;&#x641;&#x629; &#x645;&#x642;&#x627;&#x628;&#x644; &#x647;&#x64A;&#x628;&#x648;&#x643;&#x644;&#x648;&#x631;&#x64A;&#x62A; &#x627;&#x644;&#x635;&#x648;&#x62F;&#x64A;&#x648;&#x645; &#x643;&#x63A;&#x633;&#x648;&#x644; &#x644;&#x642;&#x646;&#x648;&#x627;&#x62A; &#x62C;&#x630;&#x648;&#x631; &#x644;&#x644;&#x627;&#x633;&#x646;&#x627;&#x646; &#x627;&#x644;&#x627;&#x648;&#x644;&#x64A;&#x629; &#x627;&#x644;&#x645;&#x646;&#x632;&#x648;&#x639;&#x629; &#x627;&#x644;&#x639;&#x635;&#x628; &#x644;&#x62A;&#x642;&#x64A;&#x645; &#x639;&#x62F;&#x62F; &#x627;&#x644;&#x628;&#x643;&#x62A;&#x64A;&#x631;&#x64A;&#x627; : </subfield>
    <subfield code="b">&#x62A;&#x62C;&#x631;&#x628;&#x629; &#x633;&#x631;&#x64A;&#x631;&#x64A;&#x629; &#x639;&#x634;&#x648;&#x627;&#x626;&#x64A;&#x629;</subfield>
  </datafield>
  <datafield tag="264" ind1=" " ind2="0">
    <subfield code="c">2025.</subfield>
  </datafield>
  <datafield tag="300" ind1=" " ind2=" ">
    <subfield code="a">90 pages : </subfield>
    <subfield code="b">illustrations ; </subfield>
    <subfield code="c">25 cm. + </subfield>
    <subfield code="e">CD.</subfield>
  </datafield>
  <datafield tag="336" ind1=" " ind2=" ">
    <subfield code="a">text</subfield>
    <subfield code="2">rda content</subfield>
  </datafield>
  <datafield tag="337" ind1=" " ind2=" ">
    <subfield code="a">Unmediated</subfield>
    <subfield code="2">rdamedia</subfield>
  </datafield>
  <datafield tag="338" ind1=" " ind2=" ">
    <subfield code="a">volume</subfield>
    <subfield code="2">rdacarrier</subfield>
  </datafield>
  <datafield tag="502" ind1=" " ind2=" ">
    <subfield code="a"> Thesis (M.Sc)-Cairo University, 2025.</subfield>
  </datafield>
  <datafield tag="504" ind1=" " ind2=" ">
    <subfield code="a">Bibliography: pages 82-88.</subfield>
  </datafield>
  <datafield tag="520" ind1=" " ind2="3">
    <subfield code="a">Aim: This study aimed to evaluate and compare the bacterial count potential of cinnamon extract irrigant compared to sodium hypochlorite irrigant following pulpectomy of primary teeth. 
Methodology: The sample size included 38 children with non-vital primary teeth indicated for pulpectomy, selected from the Outpatient clinic of  Pediatric Dentistry Department, Faculty of Dentistry, Cairo University. Children&#x2032;s teeth were divided into two equal groups (19 each): Group A: In the intervention group, root canals were irrigated using 5 % Cinnamon Extract. Group B: In the control group, root canals of this group were irrigated with a 1:5 ratio of Sodium hypochlorite. Bacterial count was measured by colony-forming units (CFUs). Bacterial counts were measured for samples from both groups at baseline and after irrigation.
Results: Group I and Group II showed no statistically significant difference between the cinnamon and sodium hypochlorite. Examining both aerobic and anaerobic bacteria before and after an intervention by using Mann-Whitney&#x2019;s test, which demonstrated no significant differences between the groups (p &gt; 0.05 for all comparisons). This suggests that the intervention had similar effects on bacterial reduction in both groups.
Conclusion: This study highlights the potential of 5% cinnamon extract as a natural and effective alternative to sodium hypochlorite in pulpectomy procedures. With its powerful antibacterial properties, biocompatibility, and reduced risk of adverse effects, cinnamon extract offers a safer and more holistic approach to managing infections in primary teeth with its natural origin, safety profile, and bioactive components such as cinnamaldehyde, presents itself as a promising alternative irrigant, particularly in pediatric dentistry and resource-constrained settings.In an era where patient safety, sustainability, and the integration of natural remedies are paramount, cinnamon extract stands out as a promising candidate to revolutionize pediatric endodontics. While the results are encouraging, further large-scale clinical trials and long-term evaluations are essential to validate its application and establish standardized protocols.By embracing nature&#x2019;s solutions, dentistry can move toward more patient-friendly and environmentally conscious practices, making cinnamon extract not just a treatment option but a step toward redefining modern dental care for children.</subfield>
  </datafield>
  <datafield tag="520" ind1=" " ind2="3">
    <subfield code="a">&#x647;&#x62F;&#x641;&#x62A; &#x647;&#x630;&#x647; &#x627;&#x644;&#x62F;&#x631;&#x627;&#x633;&#x629; &#x625;&#x644;&#x649; &#x62A;&#x642;&#x64A;&#x64A;&#x645; &#x648;&#x645;&#x642;&#x627;&#x631;&#x646;&#x629; &#x643;&#x641;&#x627;&#x621;&#x629; &#x62A;&#x642;&#x644;&#x64A;&#x644; &#x627;&#x644;&#x628;&#x643;&#x62A;&#x64A;&#x631;&#x64A;&#x627; &#x628;&#x64A;&#x646; &#x645;&#x633;&#x62A;&#x62E;&#x644;&#x635; &#x627;&#x644;&#x642;&#x631;&#x641;&#x629; &#x648;&#x647;&#x64A;&#x628;&#x648;&#x643;&#x644;&#x648;&#x631;&#x64A;&#x62A; &#x627;&#x644;&#x635;&#x648;&#x62F;&#x64A;&#x648;&#x645; &#x643;&#x645;&#x648;&#x627;&#x62F; &#x631;&#x64A;&#x651; &#x644;&#x644;&#x642;&#x646;&#x648;&#x627;&#x62A; &#x627;&#x644;&#x62C;&#x630;&#x631;&#x64A;&#x629; &#x628;&#x639;&#x62F; &#x627;&#x633;&#x62A;&#x626;&#x635;&#x627;&#x644; &#x627;&#x644;&#x639;&#x635;&#x628;  &#x645;&#x646; &#x627;&#x644;&#x623;&#x633;&#x646;&#x627;&#x646; &#x627;&#x644;&#x623;&#x648;&#x644;&#x64A;&#x629;. &#x648;&#x646;&#x638;&#x631;&#x64B;&#x627; &#x644;&#x644;&#x627;&#x647;&#x62A;&#x645;&#x627;&#x645; &#x627;&#x644;&#x645;&#x62A;&#x632;&#x627;&#x64A;&#x62F; &#x628;&#x627;&#x633;&#x62A;&#x62E;&#x62F;&#x627;&#x645; &#x627;&#x644;&#x628;&#x62F;&#x627;&#x626;&#x644; &#x627;&#x644;&#x637;&#x628;&#x64A;&#x639;&#x64A;&#x629; &#x641;&#x64A; &#x62A;&#x639;&#x642;&#x64A;&#x645; &#x627;&#x644;&#x642;&#x646;&#x648;&#x627;&#x62A; &#x627;&#x644;&#x62C;&#x630;&#x631;&#x64A;&#x629;&#x60C; &#x62A;&#x645; &#x62A;&#x642;&#x64A;&#x64A;&#x645; &#x645;&#x633;&#x62A;&#x62E;&#x644;&#x635; &#x627;&#x644;&#x642;&#x631;&#x641;&#x629; &#x643;&#x639;&#x627;&#x645;&#x644; &#x631;&#x64A;&#x651; &#x62D;&#x64A;&#x648;&#x64A; &#x645;&#x62A;&#x648;&#x627;&#x641;&#x642; &#x64A;&#x62A;&#x645;&#x62A;&#x639; &#x628;&#x62E;&#x635;&#x627;&#x626;&#x635; &#x645;&#x636;&#x627;&#x62F;&#x629; &#x644;&#x644;&#x628;&#x643;&#x62A;&#x64A;&#x631;&#x64A;&#x627; &#x648;&#x645;&#x633;&#x643;&#x646;&#x629; &#x644;&#x644;&#x623;&#x644;&#x645;.
&#x62A;&#x645; &#x627;&#x62E;&#x62A;&#x64A;&#x627;&#x631;  &#x627;&#x637;&#x641;&#x627;&#x644;&#x64B;&#x627; &#x64A;&#x639;&#x627;&#x646;&#x648;&#x646; &#x645;&#x646; &#x623;&#x633;&#x646;&#x627;&#x646; &#x623;&#x648;&#x644;&#x64A;&#x629; &#x63A;&#x64A;&#x631; &#x62D;&#x64A;&#x648;&#x64A;&#x629; . &#x62A;&#x645; &#x62A;&#x648;&#x632;&#x64A;&#x639; &#x627;&#x644;&#x645;&#x634;&#x627;&#x631;&#x643;&#x64A;&#x646; &#x639;&#x634;&#x648;&#x627;&#x626;&#x64A;&#x64B;&#x627; &#x625;&#x644;&#x649; &#x645;&#x62C;&#x645;&#x648;&#x639;&#x62A;&#x64A;&#x646; &#x645;&#x62A;&#x633;&#x627;&#x648;&#x64A;&#x62A;&#x64A;
&#x623;&#x638;&#x647;&#x631;&#x62A; &#x646;&#x62A;&#x627;&#x626;&#x62C; &#x627;&#x644;&#x62F;&#x631;&#x627;&#x633;&#x629; &#x639;&#x62F;&#x645; &#x648;&#x62C;&#x648;&#x62F; &#x641;&#x631;&#x642; &#x625;&#x62D;&#x635;&#x627;&#x626;&#x64A; &#x645;&#x639;&#x646;&#x648;&#x64A; &#x641;&#x64A; &#x62A;&#x642;&#x644;&#x64A;&#x644; &#x627;&#x644;&#x628;&#x643;&#x62A;&#x64A;&#x631;&#x64A;&#x627; &#x628;&#x64A;&#x646; &#x645;&#x633;&#x62A;&#x62E;&#x644;&#x635; &#x627;&#x644;&#x642;&#x631;&#x641;&#x629; &#x648;&#x647;&#x64A;&#x628;&#x648;&#x643;&#x644;&#x648;&#x631;&#x64A;&#x62A; &#x627;&#x644;&#x635;&#x648;&#x62F;&#x64A;&#x648;&#x645;
&#x62A;&#x634;&#x64A;&#x631; &#x647;&#x630;&#x647; &#x627;&#x644;&#x646;&#x62A;&#x627;&#x626;&#x62C; &#x625;&#x644;&#x649; &#x623;&#x646; &#x645;&#x633;&#x62A;&#x62E;&#x644;&#x635; &#x627;&#x644;&#x642;&#x631;&#x641;&#x629; &#x64A;&#x645;&#x62A;&#x644;&#x643; &#x62E;&#x635;&#x627;&#x626;&#x635; &#x642;&#x648;&#x64A;&#x629; &#x645;&#x636;&#x627;&#x62F;&#x629; &#x644;&#x644;&#x628;&#x643;&#x62A;&#x64A;&#x631;&#x64A;&#x627; &#x641;&#x64A; &#x639;&#x644;&#x627;&#x62C; &#x627;&#x633;&#x62A;&#x626;&#x635;&#x627;&#x644; &#x627;&#x644;&#x639;&#x635;&#x628; &#x639;&#x646;&#x62F; &#x627;&#x644;&#x623;&#x637;&#x641;&#x627;&#x644;. &#x648;&#x62A;&#x62F;&#x639;&#x645; &#x627;&#x644;&#x646;&#x62A;&#x627;&#x626;&#x62C; &#x625;&#x645;&#x643;&#x627;&#x646;&#x64A;&#x629; &#x627;&#x633;&#x62A;&#x62E;&#x62F;&#x627;&#x645; &#x645;&#x633;&#x62A;&#x62E;&#x644;&#x635; &#x627;&#x644;&#x642;&#x631;&#x641;&#x629; &#x643;&#x628;&#x62F;&#x64A;&#x644; &#x637;&#x628;&#x64A;&#x639;&#x64A; &#x641;&#x639;&#x627;&#x644; &#x639;&#x646; &#x647;&#x64A;&#x628;&#x648;&#x643;&#x644;&#x648;&#x631;&#x64A;&#x62A; &#x627;&#x644;&#x635;&#x648;&#x62F;&#x64A;&#x648;&#x645;&#x60C; &#x62E;&#x627;&#x635;&#x629; &#x641;&#x64A; &#x645;&#x62C;&#x627;&#x644; &#x639;&#x644;&#x627;&#x62C; &#x62C;&#x630;&#x648;&#x631; &#x627;&#x644;&#x623;&#x633;&#x646;&#x627;&#x646; &#x639;&#x646;&#x62F; &#x627;&#x644;&#x623;&#x637;&#x641;&#x627;&#x644;&#x60C; &#x62D;&#x64A;&#x62B; &#x64A;&#x639;&#x62F; &#x627;&#x644;&#x62A;&#x648;&#x627;&#x641;&#x642; &#x627;&#x644;&#x62D;&#x64A;&#x648;&#x64A; &#x648;&#x631;&#x627;&#x62D;&#x629; &#x627;&#x644;&#x645;&#x631;&#x64A;&#x636; &#x645;&#x646; &#x627;&#x644;&#x639;&#x648;&#x627;&#x645;&#x644; &#x627;&#x644;&#x623;&#x633;&#x627;&#x633;&#x64A;&#x629;.
&#x62D;&#x638;&#x64A; &#x645;&#x633;&#x62A;&#x62E;&#x644;&#x635; &#x627;&#x644;&#x642;&#x631;&#x641;&#x629; &#x628;&#x627;&#x647;&#x62A;&#x645;&#x627;&#x645; &#x645;&#x62A;&#x632;&#x627;&#x64A;&#x62F; &#x641;&#x64A; &#x645;&#x62C;&#x627;&#x644; &#x637;&#x628; &#x627;&#x644;&#x623;&#x633;&#x646;&#x627;&#x646; &#x646;&#x638;&#x631;&#x64B;&#x627; &#x644;&#x62E;&#x635;&#x627;&#x626;&#x635;&#x647; &#x627;&#x644;&#x645;&#x636;&#x627;&#x62F;&#x629; &#x644;&#x644;&#x645;&#x64A;&#x643;&#x631;&#x648;&#x628;&#x627;&#x62A;&#x60C; &#x648;&#x627;&#x644;&#x645;&#x636;&#x627;&#x62F;&#x629; &#x644;&#x644;&#x641;&#x637;&#x631;&#x64A;&#x627;&#x62A;&#x60C; &#x648;&#x627;&#x644;&#x645;&#x636;&#x627;&#x62F;&#x629; &#x644;&#x644;&#x627;&#x644;&#x62A;&#x647;&#x627;&#x628;&#x627;&#x62A;&#x60C; &#x648;&#x627;&#x644;&#x645;&#x633;&#x643;&#x646;&#x629;&#x60C; &#x648;&#x627;&#x644;&#x645;&#x637;&#x647;&#x631;&#x629;. &#x648;&#x639;&#x644;&#x649; &#x627;&#x644;&#x631;&#x63A;&#x645; &#x645;&#x646; &#x627;&#x644;&#x646;&#x62A;&#x627;&#x626;&#x62C; &#x627;&#x644;&#x648;&#x627;&#x639;&#x62F;&#x629; &#x644;&#x647;&#x630;&#x647; &#x627;&#x644;&#x62F;&#x631;&#x627;&#x633;&#x629;&#x60C; &#x647;&#x646;&#x627;&#x643; &#x62D;&#x627;&#x62C;&#x629; &#x625;&#x644;&#x649; &#x625;&#x62C;&#x631;&#x627;&#x621; &#x62A;&#x62C;&#x627;&#x631;&#x628; &#x633;&#x631;&#x64A;&#x631;&#x64A;&#x629; &#x648;&#x627;&#x633;&#x639;&#x629; &#x627;&#x644;&#x646;&#x637;&#x627;&#x642; &#x648;&#x62A;&#x642;&#x64A;&#x64A;&#x645;&#x627;&#x62A; &#x637;&#x648;&#x64A;&#x644;&#x629; &#x627;&#x644;&#x623;&#x645;&#x62F; &#x644;&#x644;&#x62A;&#x62D;&#x642;&#x642; &#x645;&#x646; &#x641;&#x639;&#x627;&#x644;&#x64A;&#x62A;&#x647; &#x627;&#x644;&#x633;&#x631;&#x64A;&#x631;&#x64A;&#x629; &#x648;&#x648;&#x636;&#x639; &#x628;&#x631;&#x648;&#x62A;&#x648;&#x643;&#x648;&#x644;&#x627;&#x62A; &#x645;&#x639;&#x64A;&#x627;&#x631;&#x64A;&#x629; &#x644;&#x627;&#x633;&#x62A;&#x62E;&#x62F;&#x627;&#x645;&#x647; &#x643;&#x645;&#x62D;&#x644;&#x648;&#x644; &#x631;&#x64A;&#x651; &#x641;&#x64A; &#x639;&#x644;&#x627;&#x62C; &#x62C;&#x630;&#x648;&#x631; &#x627;&#x644;&#x623;&#x633;&#x646;&#x627;&#x646; &#x639;&#x646;&#x62F; &#x627;&#x644;&#x623;&#x637;&#x641;&#x627;&#x644; .</subfield>
  </datafield>
  <datafield tag="530" ind1=" " ind2=" ">
    <subfield code="a">Issues also as CD.</subfield>
  </datafield>
  <datafield tag="546" ind1=" " ind2=" ">
    <subfield code="a">Text in English and abstract in Arabic &amp; English.</subfield>
  </datafield>
  <datafield tag="650" ind1=" " ind2="0">
    <subfield code="a">Pediatric Dentistry </subfield>
  </datafield>
  <datafield tag="650" ind1=" " ind2="0">
    <subfield code="a">&#x637;&#x628; &#x627;&#x633;&#x646;&#x627;&#x646; &#x627;&#x644;&#x627;&#x637;&#x641;&#x627;&#x644;</subfield>
  </datafield>
  <datafield tag="653" ind1=" " ind2="1">
    <subfield code="a">Antibacterial properties</subfield>
    <subfield code="a">Irrigation</subfield>
    <subfield code="a">Primary teeth</subfield>
  </datafield>
  <datafield tag="700" ind1="0" ind2=" ">
    <subfield code="a">Nevine Waly</subfield>
    <subfield code="e">thesis advisor.</subfield>
  </datafield>
  <datafield tag="700" ind1="0" ind2=" ">
    <subfield code="a">Yousra Mohamed</subfield>
    <subfield code="e">thesis advisor.</subfield>
  </datafield>
  <datafield tag="900" ind1=" " ind2=" ">
    <subfield code="b">01-01-2025</subfield>
    <subfield code="c">Nevine Waly</subfield>
    <subfield code="c">Yousra Mohamed</subfield>
    <subfield code="d">Rania Nasr </subfield>
    <subfield code="d">Mohamed Abo El Yazed </subfield>
    <subfield code="U">Cairo University</subfield>
    <subfield code="F">Faculty of Dentistry </subfield>
    <subfield code="D">Department of Pediatric Dentistry </subfield>
  </datafield>
  <datafield tag="905" ind1=" " ind2=" ">
    <subfield code="a">Shimaa</subfield>
  </datafield>
  <datafield tag="942" ind1=" " ind2=" ">
    <subfield code="2">ddc</subfield>
    <subfield code="c">TH</subfield>
    <subfield code="e">21</subfield>
    <subfield code="n">0</subfield>
  </datafield>
  <datafield tag="999" ind1=" " ind2=" ">
    <subfield code="c">179972</subfield>
  </datafield>
  <datafield tag="952" ind1=" " ind2=" ">
    <subfield code="2">ddc</subfield>
    <subfield code="9">317757</subfield>
    <subfield code="a">CUCL</subfield>
    <subfield code="b">cl210</subfield>
    <subfield code="d">2026-05-04</subfield>
    <subfield code="i">93977</subfield>
    <subfield code="o">Cai01.09.07.M.Sc.2025.Am.E</subfield>
    <subfield code="p">01010110093977000</subfield>
    <subfield code="r">2026-05-04 15:25:19</subfield>
    <subfield code="w">2026-05-04</subfield>
    <subfield code="y">TH</subfield>
  </datafield>
</record>
